| 000 | 00762nam a22002177a 4500 | ||
|---|---|---|---|
| 999 |
_c8113 _d8113 |
||
| 003 | AR-CdUCM | ||
| 008 | 190322b ||||| |||| 00| 0 spa d | ||
| 020 | _a968-18-4333-9 | ||
| 040 |
_aMUNICIPALIDAD PROVINCIAL DEL CUSCO _cBIBLIOTECA MUNICIPAL DEL CUSCO |
||
| 041 | _heng | ||
| 082 |
_a658.02 / _bG72 |
||
| 100 |
_aGoodman, Louis W. _922909 |
||
| 245 | _aNaciones pequeñas : Empresas gigantes / | ||
| 260 |
_aMéxico : _bLimusa, _c1992. |
||
| 300 |
_a207 páginas ; _c23 cm. |
||
| 505 | _aLas hipotecas y su contexto -- Procesos de la toma de decisiones y ambientes de negocios -- Decisiones marginales y tiempo del ejecutivo ... | ||
| 650 |
_aEmpresas internacionales _94274 |
||
| 700 |
_aCoro Pando, Julio _922910 |
||
| 942 |
_2ddc _cLIBROS |
||
| 945 | _aacv | ||